• 首页
  • 本馆介绍
  • 公告通知
  • 最新文献
  • 馆藏检索
  • 电子资源
  • 读者导购
  • 参考咨询
  • 我的图书馆
  • 登录
  • 详细信息显示
  • 放入我的书架
  • 预约/预借图书
  • 作者相关作品
  • 分类相关作品
  • 丛书相关作品
  • 出版社相关作品

书目信息

  • 表格格式
  • 工作单格式
  • 卡片格式
题名:
墨西哥近代现代史纲
    
 
作者: 阿尔彼罗维奇·拉甫罗夫 主编 ;刘立勋 译
分册: 上册  
出版信息: 上海   生活·读书·新知三联书店  1974.6
页数: 386页
开本: 20cm
丛书名:
单 册:
中图分类: K731.0
科图分类:
主题词: 拉丁美洲--历史
电子资源:
ISBN:
000 00813nam0 2200241 45
001 0212030857
005 20031219104101.7
010    @dCNY2.45
091    @a11002.463
100    @a20021203d1974 km y0chiy0120 ea
101 0  @achi
105    @aba z 000yy
200 1  @a墨西哥近代现代史纲@AMo Xi Ge Jin Dai Xian Dai Shi Gang@e1810-1945年@h上册@E1810-1945 Nian@f(苏)阿尔彼罗维奇·拉甫罗夫主编@F(Su)A Er Bi Luo Wei Qi·La Fu Luo Fu Zhu Bian@g刘立勋译
210    @a上海@c生活·读书·新知三联书店@d1974.6
215    @a386页@c照片,地图@d20cm
300    @a内部参考
517    @a1810-1945年@A1810-1945 Nian
606 0  @a拉丁美洲@x历史
690    @aK731.0@v1
701  0 @a阿尔彼罗维奇·拉甫罗夫@4主编
702  0 @a刘立勋@ALiu Li Xun@4译
801    @aCN@bTSTC@c20021203
905    @dK731.0@e6:1@f2@b219269-270
    
    墨西哥近代现代史纲:1810-1945年.上册/(苏)阿尔彼罗维奇·拉甫罗夫主编/刘立勋译.-上海:生活·读书·新知三联书店,1974.6
    386页:照片,地图;20cm
    内部参考
    
    ISBN :CNY2.45
    
●
相关链接 在E读中查询图书 在五车中查询图书 在当当中查询图书 在豆瓣中查询图书


正题名:墨西哥近代现代史纲     索取号:K731.0/6:1         预约/预借

序号 登录号 条形码 馆藏地/架位号 状态 备注
1 0219269   001731086   第二借阅区/ [索取号:K731.0/6:1] 在馆    
2 0219270   001731095   第二样本阅览室/ [索取号:K731.0/6:1] 在馆    
唐山师范学院图书馆 欢迎您!
大连网信软件有限公司© 版权所有